| 000 | 00337nam a22001337a 4500 | ||
|---|---|---|---|
| 008 | 180905b xxu||||| |||| 00| 0 eng d | ||
| 020 | _a9780781741309 | ||
| 041 | _aeng | ||
| 080 |
_24 ED _a616 |
||
| 100 | _a3 | ||
| 101 | _aSHM | ||
| 245 |
_aPhysical Medicine Rehabilation Principles And Practice _cDelisa.J .A |
||
| 942 |
_2udc _cBK |
||
| 999 |
_c47539 _d47539 |
||